000 00469pab a2200169 454500
008 180718b2008 xxu||||| |||| 00| 0 eng d
100 _aGetz, Christy
245 _aSocial capital, organic agriculture, and sustainable livelihood security: rethinking agrarian change in Mexico
260 _c2008
300 _ap.555-79.
362 _aDec
650 _aSocial capital
650 _aAgrarian structure
773 _aRural Sociology
908 _aN
909 _a80710
999 _c80710
_d80710